00800nam a2200241 a 450000100060000000300080000600500170001400800410003103500190007204000320009104100080012308200260013109900130015710000290017024500280019926000690022730000290029650000180032565100360034394200120037999900170039195201500040864838BD-RJUL20211209081345.0170223s1969 ua a 001 0 eng  a(BD-RJUL)64968 aDLCcQWCdQWCdBD-RJULbeng aeng 223a916.216bALC 1969 aDT143.C3 aAldridge, James 919223510aCairo /cJames Aldridge aCairo :bMinistry of Culture, Egyptian Pub. Organisation,cc1969 a370 p. :bill. ;c35 cm. aInclude index 0aCairovPictorial works.9192236 2ddccBK c64838d64838 00102ddc40718NFICaRUCLbRUCLcReadingd1973-09-10eStandard pub. ltd.g105.00l0o916.216 ALC 1969r2017-02-23 00:00:00tC-1w2017-02-23yBK